000 00379nam a2200157Ia 4500
008 230917s9999||||xx |||||||||||||| ||und||
040 _e153085
_aMAIN
041 _aEnglish
082 _a342 U1A(10)
100 _aUpadhayay, J,J,R.
245 0 _aAdministrative law
250 _a10th ed.
260 _aAllahabad
_bCentral law
_c2017
300 _axlvii, 606 p.
942 _cBK
999 _c154276
_d154276